| 000 | 00463nam a22001577a 4500 | ||
|---|---|---|---|
| 020 | _a8121925711 | ||
| 082 | _a621.3 THE | ||
| 100 | _aTheraja, B.L. | ||
| 245 | _aObjective electrical, electronics and telecommunication engineering | ||
| 260 |
_aNew Delhi, India _bS. Chand & Co. Ltd _c1982 |
||
| 300 |
_axvi, 484 p. _bill. ; |
||
| 500 | _aIncludes index. | ||
| 650 | _a1. Telecommunication 2. Electrical engineering | ||
| 700 | _aPandey, Er. V.K. | ||
| 942 | _cBK | ||
| 999 |
_c12652 _d12652 |
||